Teatro : Historia de una escalera. La tejedora de sueños. Irene o el tesoro. Un soñador para un pueblo
Na minha lista:
| Autor principal: | |
|---|---|
| Formato: | Livro |
| Idioma: | Undetermined |
| Publicado em: |
Buenos Aires, Argentina
Editorial Losada
1962
|
| Assuntos: | |
| Tags: |
Adicionar Tag
Sem tags, seja o primeiro a adicionar uma tag!
|
MARC
| LEADER | 00000nam a2200000Ia 4500 | ||
|---|---|---|---|
| 008 | 170316s9999 xx 000 0 und d | ||
| 040 | |a cru BVZT | ||
| 090 | |a 862 B-23t | ||
| 100 | |a Buero Vallejo, Antonio | ||
| 245 | |a Teatro : Historia de una escalera. La tejedora de sueños. Irene o el tesoro. Un soñador para un pueblo | ||
| 260 | |a Buenos Aires, Argentina | ||
| 260 | |b Editorial Losada | ||
| 260 | |c 1962 | ||
| 300 | |a 285 páginas | ||
| 650 | |a LITERATURA ESPAÑOLA | ||
| 650 | |a TEATRO | ||
| 650 | |a HISTORIA DE UNA ESCALERA | ||
| 650 | |a LA TEJEDORA DE SUEÑOS | ||
| 650 | |a IRENE O EL TESORO | ||
| 650 | |a UN SOÑADOR PARA UN PUEBLO | ||
| 999 | |c 9542 |d 9542 | ||
| 942 | |c 15 D |h 862 B-23t |2 z | ||
